Cuando Jesús llegó, las madres del maíz se fueron (Record no. 4111)
[ view plain ]
| 000 -CABECERA | |
|---|---|
| campo de control de longitud fija | 01048nam a2200277 a 4500 |
| 001 - NÚMERO DE CONTROL | |
| campo de control | BRCA_4400 |
| 005 - FECHA Y HORA DE LA ÚLTIMA TRANSACCIÓN | |
| campo de control | 20190320204645.0 |
| 008 - DATOS DE LONGITUD FIJA--INFORMACIÓN GENERAL | |
| campo de control de longitud fija | 130810s1993----mx-d######---#000-0#spa-# |
| 020 ## - NÚMERO INTERNACIONAL ESTÁNDAR DEL LIBRO | |
| Número Internacional Estándar del Libro | 9681639804 |
| 041 ## - CÓDIGO DE LENGUA | |
| Código de lengua del texto/banda sonora o título independiente | spa |
| 050 #4 - SIGNATURA TOPOGRÁFICA DE LA BIBLIOTECA DEL CONGRESO | |
| Número de documento/Ítem | G88 1993 |
| 100 1# - ENTRADA PRINCIPAL--NOMBRE DE PERSONA | |
| Nombre de persona | Gutiérrez, Ramón A. |
| 9 (RLIN) | 6732 |
| 245 10 - MENCIÓN DE TÍTULO | |
| Título | Cuando Jesús llegó, las madres del maíz se fueron |
| Resto del título | matrimonio, sexualidad y poder en Nuevo México, 1500-1846 |
| Mención de responsabilidad, etc. | Ramón A. Gutiérrez ; traducción de Julio Colón Gómez. |
| 260 ## - PUBLICACIÓN, DISTRIBUCIÓN, ETC. | |
| Lugar de publicación, distribución, etc. | México |
| Nombre del editor, distribuidor, etc. | FCE |
| Fecha de publicación, distribución, etc. | 1993 |
| 300 ## - DESCRIPCIÓN FÍSICA | |
| Extensión | 428 p. |
| Otras características físicas | il. |
| Dimensiones | 23 cm. |
| 500 ## - NOTA GENERAL | |
| Nota general | Incluye epílogo |
| 500 ## - NOTA GENERAL | |
| Nota general | Traducción de: When Jesus came, the corn Mothers went away: Marriage, Sexuality, and Power in New Mexico, 1500-1846 |
| 500 ## - NOTA GENERAL | |
| Nota general | Colección Sonia Corcuera de Mancera |
| 504 ## - NOTA DE BIBLIOGRAFÍA, ETC. | |
| Nota de bibliografía, etc. | Bibliografía: p. 403-426 |
| 650 14 - PUNTO DE ACCESO ADICIONAL DE MATERIA--TÉRMINO DE MATERIA | |
| Término de materia o nombre geográfico como elemento de entrada | Matrimonio |
| Subdivisión general | Historia |
| Subdivisión geográfica | Nuevo México |
| 9 (RLIN) | 11173 |
| 650 14 - PUNTO DE ACCESO ADICIONAL DE MATERIA--TÉRMINO DE MATERIA | |
| Término de materia o nombre geográfico como elemento de entrada | Anasazis |
| Subdivisión general | Conducta sexual |
| 9 (RLIN) | 11174 |
| 650 14 - PUNTO DE ACCESO ADICIONAL DE MATERIA--TÉRMINO DE MATERIA | |
| Término de materia o nombre geográfico como elemento de entrada | Anasazis |
| Subdivisión general | Condiciones sociales |
| 9 (RLIN) | 11175 |
| 700 1# - PUNTO DE ACCESO ADICIONAL--NOMBRE DE PERSONA | |
| Nombre de persona | Colón Gómez, Julio |
| Término indicativo de función/relación | tr. |
| 9 (RLIN) | 11176 |
| 902 ## - CATALOGADOR | |
| Iniciales | DSC |
| 942 ## - ELEMENTOS DE PUNTO DE ACCESO ADICIONAL (KOHA) | |
| Fuente del sistema de clasificación o colocación | Library of Congress Classification |
| Tipo de ítem Koha | Libros |
| Estado de retiro | Estado de pérdida | Estado dañado | No para préstamo | Localización permanente | Ubicación/localización actual | Fecha de adquisición | Total de préstamos | Signatura topográfica completa | Código de barras | Fecha visto por última vez | Precio válido a partir de | Tipo de ítem Koha |
|---|---|---|---|---|---|---|---|---|---|---|---|---|
| El ejemplar forma parte de la colección y puede ser consultado según las políticas vigentes. | Biblioteca del Museo Franz Mayer (Rogerio Casas-Alatriste) | Biblioteca del Museo Franz Mayer (Rogerio Casas-Alatriste) | 13/08/2010 | G88 1993 | DSC00095 | 22/03/2019 | 22/03/2019 | Libros |